MARC

LEADER 00000nam0a2200000 4500
001 377994
005 20231101054236.0
035 |a (RuTPU)RU\TPU\retro\35449 
035 |a RU\TPU\book\144553 
090 |a 377994 
100 |a 20230503d1963 km y0rusy50 ca 
101 1 |a rus  |c eng 
102 |a RU 
105 |a a z 000zy 
200 1 |a Электронные цепи, сигналы и системы  |e пер. с англ.  |f С. Мэзон, Г. Циммерман  |g под ред. П. А. Ионкина ; пер. А. А. Соколов, И. В. Соловьев 
210 |a Москва  |c Изд-во иностранной литературы  |d 1963 
215 |a 620 с.  |c ил. 
610 1 |a электроника 
610 1 |a электронные цепи 
610 1 |a сигналы 
610 1 |a системы 
610 1 |a анализ 
610 1 |a передача сигналов 
610 1 |a линейные графы 
610 1 |a импульсные сигналы 
610 1 |a спектры 
610 1 |a нелинейная обратная связь 
675 |a 621.385  |v 3 
700 1 |a Мэзон  |b С. 
701 1 |a Циммерман  |b Г. 
702 1 |a Ионкин  |b П. А.  |4 340 
702 1 |a Соколов  |b А. А.  |4 730 
702 1 |a Соловьев  |b И. В.  |4 730 
801 1 |a RU  |b 63413507  |c 20080317  |g PSBO 
801 2 |a RU  |b 63413507  |c 20230503  |g PSBO 
942 |c BK